Land of the Seven Rivers: (Record no. 84979)

MARC details
000 -LEADER
fixed length control field 00727nam a22002057a 4500
005 - DATE AND TIME OF LATEST TRANSACTION
control field 20140610115252.0
010 ## - LCCN (DPL NO)
LC control number B-504767-775
020 ## - INTERNATIONAL STANDARD BOOK NUMBER
International Standard Book Number 9780670086399
Terms of availability 499.00
035 ## - SYSTEM CONTROL NUMBER
System control number B-504767-775
037 ## - SOURCE OF ACQUISITION
Stock number dpl
Source of stock number/acquisition K.K.Pub/Ven
082 ## - DEWEY DECIMAL CLASSIFICATION NUMBER
Classification number 911.54
100 ## - MAIN ENTRY--PERSONAL NAME
Personal name Sanyal, Sanjeev
245 ## - TITLE STATEMENT
Title Land of the Seven Rivers:
Remainder of title a brief history of India's geography/
Statement of responsibility, etc by Sanjeev Sanyal
260 ## - PUBLICATION, DISTRIBUTION, ETC. (IMPRINT)
Place of publication, distribution, etc New Delhi
Name of publisher, distributor, etc Penguin Books
Date of publication, distribution, etc 2012
270 ## - ADDRESS
Address 11 Community Centre, Panchsheel Park
City New Delhi
Postal code 110017, India
300 ## - PHYSICAL DESCRIPTION
Extent 331p.
Dimensions 21cm(Hb)
500 ## - GENERAL NOTE
General note includes index
942 ## - ADDED ENTRY ELEMENTS (KOHA)
Source of classification or shelving scheme Dewey Decimal Classification
Item type English Books
Classification part 911.54
Call number suffix SAN
Holdings
Withdrawn status Lost status Not for loan Collection code Home library Current library Date acquired Source of acquisition Cost, normal purchase price Full call number Barcode Copy number Cost, replacement price Koha item type
      Non-fiction Central Library Central Library 10/06/2014 K.K.Pub/BL2983/11.03.2013/172/11.03.2013/20.03.2013 499.00 911.54 SAN B-504767 1 499.00 English Books
  Written-off vide DLB M. No. 383 dt 16.05.19   Non-fiction Janak Puri Janak Puri 10/06/2014 K.K.Pub/BL2983/11.03.2013/172/11.03.2013/20.03.2013 499.00 911.54 SAN B-504771 1 499.00 English Books
  Written-off vide DLB M. No. 383 dt 16.05.19   Non-fiction Karol Bagh Karol Bagh 10/06/2014 K.K.Pub/BL2983/11.03.2013/172/11.03.2013/20.03.2013 499.00 911.54 SAN B-504773 1 499.00 English Books
      Non-fiction Kasturba Gandhi Marg Kasturba Gandhi Marg 10/06/2014 K.K.Pub/BL2983/11.03.2013/172/11.03.2013/20.03.2013 499.00 911.54 SAN B-504769 1 499.00 English Books
      Non-fiction Narela Narela 10/06/2014 K.K.Pub/BL2983/11.03.2013/172/11.03.2013/20.03.2013 499.00 911.54 SAN B-504774 1 499.00 English Books
      Non-fiction Patel Nagar Patel Nagar 10/06/2014 K.K.Pub/BL2983/11.03.2013/172/11.03.2013/20.03.2013 499.00 911.54 SAN B-504768 1 499.00 English Books
      Non-fiction Peshwa Road Peshwa Road 10/06/2014 K.K.Pub/BL2983/11.03.2013/172/11.03.2013/20.03.2013 499.00 911.54 SAN B-504770 1 499.00 English Books
      Non-fiction Sarojini Nagar Sarojini Nagar 10/06/2014 K.K.Pub/BL2983/11.03.2013/172/11.03.2013/20.03.2013 499.00 911.54 SAN B-504772 1 499.00 English Books
      Non-fiction Shahdara Branch Shahdara Branch 10/06/2014 K.K.Pub/BL2983/11.03.2013/172/11.03.2013/20.03.2013 499.00 911.54 SAN B-504775 1 499.00 English Books

© Delhi Public Library
Hit Counter
free hit counter